[Event "7th Amplico AIG Life"]
[Site "Warsaw POL"]
[Date "2007.12.15"]
[Round "4"]
[White "Zawadzki,S"]
[Black "Balogh,C"]
[Result "1/2-1/2"]
[WhiteElo "2415"]
[BlackElo "2562"]

1.e4 c5 2.Nf3 e6 3.d4 cxd4 4.Nxd4 Nc6 5.Nc3 d6 6.Be2 Nf6 7.Be3 Be7 8.g4 d5
9.exd5 Nxd5 10.Nxd5 Qxd5 11.Bf3 Qa5+ 12.Qd2 Qxd2+ 13.Kxd2 Ne5 14.Be2 Bd7
15.f4 Nc6 16.Bf3 O-O-O 17.Ke2 Nxd4+ 18.Bxd4 Bb5+ 19.Ke3 b6 20.Rhd1 Rhg8 21.c4 Ba6
22.Be4 Bb7 23.Bxb7+ Kxb7 24.Be5 g5 25.h3 f6 26.Bc3 f5 27.Rxd8 Rxd8 28.gxf5 exf5
29.fxg5 Bxg5+ 30.Ke2 Re8+ 31.Kf2 Kc6 32.Rd1 Re3 33.Rd5 Rxh3 34.Rxf5 Bc1 35.Kg2 Rd3
36.Rf1 Bg5 37.Rf5 h6 38.Rf7 a6 39.a4 Bc1 40.Rf5 Bg5 41.a5 bxa5 42.Rxa5 Kb6
43.Rf5 Bd2 44.Bg7 a5 45.Rb5+ Kc6 46.Rh5 Rd7 47.Bf6 Rf7 48.Be5 Bg5 49.Bc3 a4
50.Rh3 Rf4 51.Rd3 Rxc4 52.Bg7 Rf4 53.Ra3 Be7 54.Rc3+  1/2-1/2

[Event "7th Amplico AIG Life"]
[Site "Warsaw POL"]
[Date "2007.12.15"]
[Round "5"]
[White "Wieczorek,O"]
[Black "Shkuran,D"]
[Result "1/2-1/2"]
[WhiteElo "2185"]
[BlackElo "2429"]

1.e4 c5 2.Nf3 e6 3.d4 cxd4 4.Nxd4 Nc6 5.Nc3 a6 6.Be2 Qc7 7.O-O Nf6 8.Be3 Be7
9.f4 d6 10.a4 O-O 11.Kh1 Rd8 12.Bd3 Bd7 13.Nb3 b6 14.g4 Nb4 15.g5 Ne8 16.Qh5 g6
17.Qh4 Nxd3 18.cxd3 b5 19.a5 Qb7 20.Rf3 Rdc8 21.Bd4 h5 22.f5 exf5 23.Nd5 Be6
24.Nxe7+ Qxe7 25.Nd2 Qd7 26.Raf1 Ng7 27.Bxg7 Kxg7 28.exf5 Bxf5 29.Qd4+ Kg8
30.Ne4 Bxe4 31.dxe4 Rc4 32.Qd5 Rf8 33.e5 Rc5 34.e6 Rxd5 35.exd7 f5 36.gxf6 Rd8
37.f7+ Kf8 38.Re3 Re5 39.Rc3 Re7 40.Rc6 Rexd7 41.Rxa6 Rxf7 42.Rxf7+ Kxf7
43.Rb6 d5 44.Rxb5 d4 45.Rc5 d3 46.Rc1 Rb8 47.Rd1 Rxb2 48.Rxd3 Ra2 49.Rd5 h4
50.h3 Kf6 51.Kg1 g5 52.Rb5 Kg6 53.Rc5 Kf6 54.Rb5 Kg6  1/2-1/2

[Event "7th Amplico AIG Life"]
[Site "Warsaw POL"]
[Date "2007.12.15"]
[Round "5"]
[White "Zawadzki,S"]
[Black "Mastrovasilis,D"]
[Result "1/2-1/2"]
[WhiteElo "2415"]
[BlackElo "2559"]

1.e4 c5 2.Nf3 e6 3.d4 cxd4 4.Nxd4 Nc6 5.Nc3 Qc7 6.Be2 a6 7.Be3 Nf6 8.a3 b5
9.Nxc6 dxc6 10.O-O Bb7 11.f4 Rd8 12.Qe1 c5 13.e5 Nd5 14.Nxd5 Bxd5 15.Qg3 g6
16.a4 Rb8 17.axb5 axb5 18.Rfd1 Be7 19.f5 c4 20.Ra7 Rb7 21.Rxb7 Qxb7 22.fxe6 fxe6
23.Bh6 Bf8 24.Be3 Bg7 25.Bc5 Bf8 26.Be3 Be7 27.Bh6  1/2-1/2

[Event "VI Memorial Pereyra"]
[Site "Mendoza ARG"]
[Date "2007.12.16"]
[Round "3"]
[White "Mavrich,L"]
[Black "Duarte,Le"]
[Result "1/2-1/2"]
[WhiteElo "2205"]
[BlackElo "2352"]

1.e4 c5 2.Nf3 e6 3.d4 cxd4 4.Nxd4 Nc6 5.Nc3 Qc7 6.g3 d6 7.Bg2 Nxd4 8.Qxd4 Bd7
9.O-O Nf6 10.Bg5 Be7 11.Rad1 Bc6 12.a4 h6 13.Be3 a6 14.Qb6 Qc8 15.Bf4 Nd7
16.Qb3 Ne5 17.a5 O-O 18.Be3 Bd7 19.Rd4 Nc6 20.Rc4 Qb8 21.Bb6 Rc8 22.f4 Na7
23.Rd1 Rxc4 24.Qxc4 Qc8 25.Qc7 Kf8 26.Bh3 Qxc7 27.Bxc7 Nc8 28.e5 d5 29.f5 Bc5+
30.Kh1 Ke7 31.Ne2 Na7 32.Nf4 Rc8 33.Bb6 Bxb6 34.axb6 Nc6 35.f6+ gxf6 36.exf6+ Kxf6
37.Nxd5+ Ke5 38.Nf4 Nb8 39.c3 Rc6 40.Nd3+ Kf6 41.Rf1+ Ke7 42.Ne5 Rxb6 43.Rxf7+ Ke8
44.Rh7 Bc6+ 45.Nxc6 Nxc6 46.b4 Ne5 47.Rxh6 Ke7 48.Bg2 a5 49.Rh7+ Nf7 50.Be4 Kf6  1/2-1/2

[Event "ch-RSA"]
[Site "Milnerton RSA"]
[Date "2007.12.16"]
[Round "4"]
[White "Cawdery,D"]
[Black "Steel,H"]
[Result "1/2-1/2"]
[WhiteElo "2254"]
[BlackElo "2241"]

1.e4 c5 2.Nf3 e6 3.d4 cxd4 4.Nxd4 Nc6 5.Nc3 a6 6.Be3 Nf6 7.Bd3 Bb4 8.O-O Qc7
9.Nxc6 bxc6 10.Na4 Be7 11.Nb6 Rb8 12.Nxc8 Qxc8 13.b3 d5 14.exd5 cxd5 15.Qe2 Ra8
16.Bd4 O-O 17.Kh1 Nd7 18.f4 Bf6 19.Bxf6 Nxf6 20.Rf3 Re8 21.Re1 Qc6 22.Qe5 Nd7  1/2-1/2

[Event "ch-Marshall CC"]
[Site "New York USA"]
[Date "2007.12.16"]
[Round "9"]
[White "Katz,B"]
[Black "Zenyuk,I"]
[Result "1/2-1/2"]
[WhiteElo "2091"]
[BlackElo "2192"]

1.e4 c5 2.Nf3 e6 3.d4 cxd4 4.Nxd4 Nc6 5.Nc3 Qc7 6.g3 a6 7.Bg2 d6 8.O-O Bd7
9.Be3 Nf6 10.a4 Be7 11.Nb3 Ne5 12.Bd4 Nc6 13.Be3 Ne5  1/2-1/2

[Event "ch-Hafnarfjordur"]
[Site "Reykjavik ISL"]
[Date "2007.12.16"]
[Round "6"]
[White "Benediktsson,T"]
[Black "Gudmundsson,S"]
[Result "0-1"]
[WhiteElo "1956"]
[BlackElo "2110"]

1.e4 c5 2.Nf3 Nc6 3.d4 cxd4 4.Nxd4 e6 5.Nc3 Nf6 6.g3 Bb4 7.Bg2 Qa5 8.Ne2 d5
9.exd5 Nxd5 10.Bd2 Nxc3 11.bxc3 Be7 12.Nd4 Bd7 13.O-O Rc8 14.Rb1 b6 15.Nb3 Qa4
16.Re1 Na5 17.Re4 Rc4 18.Qg4 Rxe4 19.Bxe4 O-O 20.Qe2 Nc4 21.Be1 Rc8 22.Rd1 Bf6
23.Bxh7+ Kf8 24.Be4 Nb2 25.Rb1 Bb5 26.Bd3 Nxd3 27.cxd3 Bc6 28.Rc1 Bb7 29.f3 Qc6
30.Kf2 g5 31.g4 Qd6 32.Kg2 Qf4 33.Kf1 Bxf3 34.Qf2 Qxg4  0-1

[Event "7th Amplico AIG Life 5th-8th"]
[Site "Warsaw POL"]
[Date "2007.12.16"]
[Round "3"]
[White "Bartel,Mat"]
[Black "Banikas,H"]
[Result "1/2-1/2"]
[WhiteElo "2608"]
[BlackElo "2591"]

1.e4 c5 2.Nf3 Nc6 3.Nc3 e6 4.d4 cxd4 5.Nxd4 Qc7 6.g3 a6 7.Bg2 d6 8.O-O Be7
9.a4 Nf6 10.Nb3 b6 11.g4 Rb8 12.g5 Nd7 13.f4 b5 14.axb5 axb5 15.Be3 b4 16.Ne2 O-O
17.Ng3 Re8 18.f5 Bf8 19.fxe6 fxe6 20.Nh5 Nde5 21.Qe2 Bd7 22.Rf2 Ra8 23.Raf1 Na5
24.Nd4 Nac4 25.Bh3 Nxe3 26.Qxe3 Qc5 27.c3 bxc3 28.bxc3 Rac8 29.Nf4 Qc4 30.Nfxe6 Rxe6
31.Bxe6+ Bxe6 32.Qg3 Be7 33.Nf5 Bf8 34.Nd4 Be7 35.Nf5 Bf8 36.Nd4  1/2-1/2

[Event "7th Amplico AIG Life 9th-12th"]
[Site "Warsaw POL"]
[Date "2007.12.16"]
[Round "3"]
[White "Balogh,C"]
[Black "Mastrovasilis,D"]
[Result "0-1"]
[WhiteElo "2562"]
[BlackElo "2559"]

1.e4 c5 2.Nf3 e6 3.d4 cxd4 4.Nxd4 Nc6 5.Nc3 Qc7 6.f4 a6 7.Be3 b5 8.Bd3 Bb7
9.Qf3 Nf6 10.Nb3 d6 11.O-O Be7 12.Qh3 Nb4 13.a3 Nxd3 14.cxd3 O-O 15.Rac1 Qd8
16.f5 e5 17.Bg5 h6 18.Bh4 d5 19.Bxf6 Bxf6 20.Nc5 Qb6 21.Nxd5 Bxd5 22.exd5 Rad8
23.Kh1 Bg5 24.Rc3 Rxd5 25.Ne4 Qe3 26.Qg4 Rxd3 27.h4 Rxc3 28.bxc3 Bf4 29.Nf6+ Kh8
30.Nh5 Rg8 31.g3 Qe4+ 32.Kh2 Qc2+ 33.Kh3 Be3 34.Rd1 g6 35.Nf6 Rf8 36.fxg6 Qxg6
37.Qf3 Bf4 38.Nd7 Rg8 39.gxf4 Qf5+ 40.Kh2 Rg4 41.Qa8+ Kh7 42.Nf8+ Kg7 43.Rd8 Qxf4+  0-1

[Event "XX Carlos Torre Magistral"]
[Site "Merida MEX"]
[Date "2007.12.17"]
[Round "4"]
[White "Duarte Barahona,R"]
[Black "Dominguez Aguilar,G"]
[Result "1-0"]
[WhiteElo "2177"]
[BlackElo "2412"]

1.e4 c5 2.Nc3 e6 3.Nf3 Nc6 4.d4 cxd4 5.Nxd4 d6 6.Be2 Nf6 7.O-O a6 8.Be3 Be7
9.Kh1 O-O 10.f4 Bd7 11.Qe1 b5 12.a3 e5 13.fxe5 dxe5 14.Nf5 Bxf5 15.Rxf5 Qd7
16.Qf2 Qe6 17.Rf1 Kh8 18.g4 b4 19.axb4 Nxb4 20.g5 Nd7 21.b3 f6 22.Bc4 Qd6
23.g6 Rac8 24.Rh5 h6 25.Bxh6 gxh6 26.Rxh6+ Kg7 27.Rh7+  1-0

[Event "XX Carlos Torre Magistral"]
[Site "Merida MEX"]
[Date "2007.12.17"]
[Round "4"]
[White "Bachmann,Ax"]
[Black "Tregubov,P"]
[Result "0-1"]
[WhiteElo "2481"]
[BlackElo "2609"]

1.e4 c5 2.Nf3 e6 3.d4 cxd4 4.Nxd4 Nc6 5.Nc3 a6 6.g3 d6 7.Bg2 Bd7 8.O-O Nf6
9.Nxc6 Bxc6 10.a4 Be7 11.Be3 O-O 12.a5 Rc8 13.Qd2 Qc7 14.Bb6 Qb8 15.Rfd1 Nd7
16.Bd4 Qc7 17.f4 Rfe8 18.Ne2 Bf6 19.Bxf6 Nxf6 20.Nc3 Red8 21.h3 d5 22.e5 Ne4
23.Bxe4 dxe4 24.Qe3 Rxd1+ 25.Nxd1 Rd8 26.Nc3 h6 27.h4 Qe7 28.Rd1 Rxd1+ 29.Nxd1 Qd8
30.Qe1 Qd4+ 31.Kh2 e3 32.Nxe3 Qxb2 33.Qd1 Qb4 34.Qd8+ Kh7 35.Qd3+ Be4 36.Qe2 Qxa5
37.g4 Qa1 38.Nf1 Qa4 39.Ne3 Bc6 40.c4 Qb3 41.g5 hxg5 42.hxg5 Qb1 43.Kg3 Qg1+
44.Kh4 Qh1+ 45.Kg3 Be4 46.Qf2 a5 47.f5 exf5 48.Nxf5 a4 49.Nd6 a3 50.Nb5 a2
51.Qxa2 Qf3+ 52.Kh2 Qh5+  0-1

[Event "Open A"]
[Site "Zadar CRO"]
[Date "2007.12.17"]
[Round "2"]
[White "Arnaudov,P"]
[Black "Jovanic,O"]
[Result "1/2-1/2"]
[WhiteElo "2184"]
[BlackElo "2492"]

1.e4 c5 2.Nf3 e6 3.d4 cxd4 4.Nxd4 Nc6 5.Nc3 Qc7 6.Be3 Nf6 7.f4 Bb4 8.Nb5 Qa5
9.e5 Ne4 10.Qd3 Nxc3 11.bxc3 Be7 12.g3 O-O 13.Bg2 f6 14.exf6 Bxf6 15.O-O d5
16.Rab1 a6 17.Nd6 Qxc3 18.Bh3 Qxd3 19.cxd3 Nd4 20.Bxd4 Bxd4+ 21.Kg2 Kh8 22.Rfc1 b6
23.Rc7  1/2-1/2

[Event "Open A"]
[Site "Zadar CRO"]
[Date "2007.12.17"]
[Round "3"]
[White "Armanda,I"]
[Black "Ljubicic,F"]
[Result "1/2-1/2"]
[WhiteElo "2340"]
[BlackElo "2480"]

1.e4 c5 2.Nf3 Nc6 3.Nc3 e6 4.d4 cxd4 5.Nxd4 Qc7 6.Be2 a6 7.O-O Nf6 8.Be3 d6
9.f4 Be7 10.Kh1 Bd7 11.a4 b6 12.Bf3 h5 13.Nxc6 Bxc6 14.Qd4 Rb8 15.b4 Bb7
16.Ra3 Nd7 17.Ne2 Bf6 18.Qd2 Rc8 19.c4 a5 20.bxa5 bxa5 21.Rd3 Be7 22.Rc1 Nc5
23.Bxc5 Qxc5 24.Qb2 Bc6 25.Qxg7 Rf8 26.Nd4 Bd7 27.e5 d5 28.f5 Qb6 29.fxe6 fxe6
30.Bxh5+ Kd8 31.Bf7 Rxc4 32.Rcd1 Rb4 33.Qg6 Rb1 34.h3 Bc5 35.Nxe6+ Bxe6 36.Qxe6 Qxe6
37.Bxe6 Rf1+ 38.Rxf1 Rxf1+ 39.Kh2 d4 40.Bg4 Re1 41.e6 Bd6+ 42.g3 Ke7 43.Kg2 Ra1
44.Bd1 Kxe6 45.Rxd4 Ra2+ 46.Kf1 Ra3 47.Re4+ Kd5 48.Rg4 Rxg3  1/2-1/2

[Event "XX Carlos Torre Magistral"]
[Site "Merida MEX"]
[Date "2007.12.18"]
[Round "6"]
[White "Ibarra Chami,L"]
[Black "Tapie Amione,P"]
[Result "1-0"]
[WhiteElo "2416"]
[BlackElo "2189"]

1.e4 c5 2.Nc3 Nc6 3.Nf3 e6 4.d4 cxd4 5.Nxd4 Nf6 6.Ndb5 Bb4 7.a3 Bxc3+ 8.Nxc3 d5
9.exd5 exd5 10.Bd3 d4 11.Ne2 Bg4 12.O-O O-O 13.Bg5 Bh5 14.Qd2 Bg6 15.Rfd1 h6
16.Bh4 Ne4 17.Bxe4 Qxh4 18.Bxc6 bxc6 19.Qxd4 Qg5 20.Qc4 Bh5 21.Re1 Bf3 22.Ng3 Bd5
23.Qc5 f5 24.c4 f4 25.cxd5 fxg3 26.hxg3 cxd5 27.Rad1 Rf5 28.Re2 Raf8 29.Qxa7 Qg4
30.Rdd2 h5 31.Qd4 Rc8 32.Re1 Qxd4 33.Rxd4 Rc2 34.Rf4 Rxf4 35.gxf4 Rxb2 36.Re5 d4
37.Rxh5 d3 38.Rd5 d2 39.Kf1 Ra2 40.Ke2 d1=R+ 41.Kxd1 Rxf2 42.Rd2 Rxf4 43.Ra2 Ra4
44.Kc2 Kf7 45.Kb3 Ra7 46.a4 Ke7 47.a5 Kd6 48.Kc4 Kc6 49.a6 Kc7 50.Kc5 Kb8
51.Kd5 Rf7 52.a7+ Ka8 53.Ra4 Rf2 54.g4 g5 55.Re4 Rg2 56.Ke6 Rf2 57.Re5 Kxa7
58.Rxg5 Kb7 59.Rc5 Re2+ 60.Kf6 Rf2+ 61.Kg6 Rf8 62.g5  1-0

[Event "60th ch-RUS Superfinal"]
[Site "Moscow RUS"]
[Date "2007.12.18"]
[Round "1"]
[White "Amonatov,F"]
[Black "Timofeev,Arty"]
[Result "1-0"]
[WhiteElo "2637"]
[BlackElo "2637"]

1.e4 c5 2.Nf3 e6 3.d4 cxd4 4.Nxd4 Nc6 5.Nc3 d6 6.Be3 Nf6 7.Bc4 Be7 8.Qe2 a6
9.O-O-O O-O 10.Bb3 Nd7 11.Kb1 Qc7 12.f4 Nc5 13.f5 Ne5 14.g4 b5 15.a3 Rb8
16.g5 Re8 17.h4 b4 18.axb4 Nxb3 19.cxb3 Rxb4 20.f6 Bd8 21.h5 Bb7 22.fxg7 h6
23.gxh6 Kh7 24.Rhg1 Rg8 25.Qg2 Qe7 26.Nf3 Bb6 27.Ng5+ Kxh6 28.Nxf7+ Kh7 29.Qg6+ Nxg6
30.hxg6+ Kxg7 31.Bh6+ Kf6 32.Rdf1+  1-0

[Event "Open A"]
[Site "Zadar CRO"]
[Date "2007.12.18"]
[Round "4"]
[White "Dimitrov,Pa"]
[Black "Arnaudov,P"]
[Result "1-0"]
[WhiteElo "2453"]
[BlackElo "2184"]

1.e4 c5 2.Nf3 e6 3.d4 cxd4 4.Nxd4 Nc6 5.Nc3 Qc7 6.g3 a6 7.Bg2 d6 8.O-O Bd7
9.a4 Nf6 10.Nde2 Be7 11.Be3 Na5 12.b3 Rc8 13.h3 h5 14.Ra2 Nc6 15.Qd2 Qa5
16.Rd1 O-O 17.f3 d5 18.exd5 exd5 19.Nxd5 Qxd5 20.Qxd5 Nxd5 21.Rxd5 Be6 22.Rd2 Nb4
23.Rb2 Nd5 24.Bd4 b5 25.axb5 axb5 26.c3 Rfd8 27.f4 Ba3 28.Ra2 Bf8 29.Ra5 Nc7
30.b4 Bc4 31.Kf2 Nd5 32.Bxd5 Rxd5 33.Be3 Rxd2 34.Bxd2 Rd8 35.Be3 Be7 36.Nd4 Rd5
37.Ra8+ Kh7 38.Ra7 Bf6 39.g4 hxg4 40.hxg4 Bxd4 41.Bxd4 Rd6 42.f5 Rd8 43.g5 g6
44.Ra6 Rd7 45.Kg3 Bd3 46.Ra8 f6 47.gxf6 gxf5 48.Kf4 Kg6 49.Ke5 Bc4 50.Ra1 Rd5+
51.Kf4 Rd7 52.Rg1+ Kf7 53.Kxf5 Be6+ 54.Kf4 Bc4 55.Rg5 Ke6 56.Rc5 Bf1 57.Rc6+ Rd6
58.f7  1-0

[Event "VI Memorial Pereyra"]
[Site "Mendoza ARG"]
[Date "2007.12.19"]
[Round "6"]
[White "Lovece,R"]
[Black "Salguero,F"]
[Result "0-1"]
[WhiteElo "2010"]
[BlackElo "2310"]

1.e4 c5 2.Nf3 Nc6 3.d4 cxd4 4.Nxd4 e6 5.Nc3 Qc7 6.Be3 a6 7.Qd2 Nf6 8.f3 d6
9.O-O-O Be7 10.g4 Nxd4 11.Bxd4 O-O 12.h4 b5 13.g5 Nh5 14.Bd3 b4 15.Ne2 e5
16.Be3 a5 17.Kb1 Be6 18.f4 exf4 19.Nxf4 Nxf4 20.Bxf4 Rfb8 21.h5 a4 22.g6 Bxa2+
23.Kxa2 b3+ 24.Kb1 a3 25.c3 axb2 26.Qxb2 Ra2 27.gxf7+ Kxf7 28.Be3 Bf6 29.Bd4 Qa5
30.Rh2 Ke7 31.Rg1 Rxb2+ 32.Rxb2 Ra8  0-1

[Event "ch-BRA"]
[Site "Rio de Janeiro BRA"]
[Date "2007.12.19"]
[Round "8"]
[White "Matsuura,E"]
[Black "Vescovi,G"]
[Result "1/2-1/2"]
[WhiteElo "2511"]
[BlackElo "2617"]

1.e4 c5 2.Nf3 e6 3.d4 cxd4 4.Nxd4 Nc6 5.Nc3 Qc7 6.Be2 a6 7.O-O Nf6 8.Be3 Bb4
9.Na4 b5 10.Nxc6 dxc6 11.Bc5 Bxc5 12.Nxc5 O-O 13.Qd3 Nd7 14.Nxd7 Bxd7 15.Rfd1 Rfd8
16.Qd6 Qxd6 17.Rxd6 Be8 18.Rad1 Rxd6 19.Rxd6 e5 20.c4 Kf8 21.f3 Ke7 22.c5 a5
23.Bd1 Rd8 24.Rxd8 Kxd8 25.Kf2 Ke7 26.Ke3  1/2-1/2

[Event "ch-BRA"]
[Site "Rio de Janeiro BRA"]
[Date "2007.12.19"]
[Round "8"]
[White "Santiago,Y"]
[Black "Diamant,A"]
[Result "0-1"]
[WhiteElo "2185"]
[BlackElo "2395"]

1.e4 c5 2.Nf3 e6 3.d4 cxd4 4.Nxd4 Nc6 5.Nc3 a6 6.Be2 Qc7 7.O-O Nf6 8.Kh1 Nxd4
9.Qxd4 Bc5 10.Qd3 b5 11.a3 Bb7 12.f4 Rc8 13.Be3 Bxe3 14.Qxe3 d6 15.Rad1 O-O
16.Bf3 e5 17.f5 Rfd8 18.Rd3 Qc5 19.Rfd1 Qxe3 20.Rxe3 Kf8 21.g4 h6 22.h4 Ke7
23.Kg2 g5 24.fxg6 fxg6 25.Rd2 Rc4 26.Kg3 g5 27.hxg5 hxg5 28.Rh2 Rdc8 29.Rh6 Kf7
30.Rd3 Kg7 31.Rxd6 Kxh6 32.Rxf6+ Kg7 33.Re6 b4 34.axb4 Rxb4 35.Rxe5 Kf6 36.Ra5 Rxb2
37.Ne2 Rcxc2 38.Nd4 Rc3 39.Nf5 Rb5 40.Ra4 Rbb3 41.Nd4 Ra3 42.Rb4 Bxe4 43.Rb6+ Ke5
44.Re6+ Kd5  0-1

[Event "ch-BRA"]
[Site "Rio de Janeiro BRA"]
[Date "2007.12.19"]
[Round "8"]
[White "Di Berardino,D"]
[Black "Leitao,R"]
[Result "0-1"]
[WhiteElo "2430"]
[BlackElo "2601"]

1.e4 c5 2.Nf3 Nc6 3.d4 cxd4 4.Nxd4 e6 5.Nc3 a6 6.Be3 Nf6 7.a3 Be7 8.f4 d6
9.Bd3 Qc7 10.Qf3 O-O 11.O-O Nxd4 12.Bxd4 e5 13.Be3 exf4 14.Bxf4 Be6 15.Kh1 Nd7
16.Qg3 Ne5 17.Rae1 g6 18.Ne2 Qd8 19.Rd1 Bh4 20.Qe3 Bf6 21.Nd4 Qe7 22.c3 Rac8
23.Be2 Rfe8 24.Qg3 Bh4 25.Qe3 Bf6 26.Qg3 Kh8 27.Nf3 Bb3 28.Rd2 Nxf3 29.Bxd6 Nxd2
30.Bxe7 Bxe7 31.c4 Kg8 32.Rxf7 Kxf7 33.Qf4+ Bf6 34.Qxd2 Rcd8 35.Qb4 Rxe4
36.Bf3 Bxc4 37.b3 Red4  0-1

[Event "XX Carlos Torre Magistral"]
[Site "Merida MEX"]
[Date "2007.12.20"]
[Round "7"]
[White "Arencibia Rodriguez,W"]
[Black "Zapata,Alo"]
[Result "1-0"]
[WhiteElo "2562"]
[BlackElo "2495"]

1.e4 c5 2.Nf3 e6 3.d4 cxd4 4.Nxd4 Nc6 5.Nc3 Qc7 6.Be2 Nf6 7.O-O a6 8.Kh1 d6
9.f4 Be7 10.Nxc6 bxc6 11.Qd3 O-O 12.b3 c5 13.Bb2 Bb7 14.Qh3 Nxe4 15.Bd3 Nf6
16.Rae1 h6 17.Re3 d5 18.Rg3 Kh8 19.f5 exf5 20.Nxd5 Bxd5 21.Bxf6 Bxf6 22.Qxf5 g6
23.Qxf6+  1-0

[Event "XX Carlos Torre Magistral"]
[Site "Merida MEX"]
[Date "2007.12.20"]
[Round "7"]
[White "Martin del Campo,R"]
[Black "Bachmann,Ax"]
[Result "0-1"]
[WhiteElo "2435"]
[BlackElo "2481"]

1.e4 c5 2.Nf3 e6 3.d4 cxd4 4.Nxd4 Nc6 5.Nc3 Qc7 6.Be3 a6 7.Bd3 Nf6 8.O-O h5
9.h3 b5 10.Nxc6 Qxc6 11.a3 Bb7 12.Re1 Bd6 13.Bd4 e5 14.Be3 Bc5 15.Qf3 Bxe3
16.Rxe3 d6 17.Qg3 Kf8 18.f4 Re8 19.Rf1 h4 20.Qf2 exf4 21.Rf3 g5 22.a4 b4
23.Rxf4 gxf4 24.Qxf4 Qc5+ 25.Kh1 Qe5  0-1

[Event "Open A"]
[Site "Zadar CRO"]
[Date "2007.12.20"]
[Round "7"]
[White "Ivic,Ma"]
[Black "Arnaudov,P"]
[Result "0-1"]
[WhiteElo "2293"]
[BlackElo "2184"]

1.e4 c5 2.Nf3 e6 3.d4 cxd4 4.Nxd4 Nc6 5.Nc3 Qc7 6.Be3 a6 7.Bd3 Nf6 8.O-O Ne5
9.h3 Bc5 10.Qe2 d6 11.f4 Ng6 12.f5 Ne5 13.Nf3 Bxe3+ 14.Qxe3 b5 15.Rad1 b4
16.Nxe5 dxe5 17.Na4 exf5 18.exf5 O-O 19.Nb6 Rb8 20.Nc4 Re8 21.Be2 Bb7 22.Nd6 Re7
23.Nxb7 Qxb7 24.Rd6 a5 25.Rfd1 Rbe8 26.Bc4 Qc8 27.Bb5 Rf8 28.Bd3 e4 29.Be2 Qxf5
30.Qd4 e3 31.Rf1 Qe5 32.c4 bxc3 33.bxc3 Ne4 34.Qxe5 Rxe5 35.Rd3 Ng3 36.Re1 Rfe8
37.c4 f5 38.Rc3 Rc5 39.Bf3 f4 40.Rd3 Kf7 41.Rd4 g5 42.Rb1 Kf6 43.Rd6+ Re6
44.Rd7 h6 45.Bd5 Ra6 46.Rb8 Kf5 47.Rf8+ Rf6 48.Re8 Rb6 49.Rf8+ Ke5 50.Re8+ Kd4
51.Bg8+ Kc3 52.Bh7 Rxc4 53.Rd1 Kb2 54.Red8 Rc1  0-1

[Event "Harmonie Open A"]
[Site "Groningen NED"]
[Date "2007.12.21"]
[Round "1"]
[White "Kamali,M"]
[Black "Michielsen,J"]
[Result "0-1"]
[WhiteElo "1988"]
[BlackElo "2309"]

1.e4 c5 2.Nf3 e6 3.d4 cxd4 4.Nxd4 Nc6 5.Nc3 d6 6.Be3 Nf6 7.Be2 Be7 8.O-O O-O
9.Kh1 a6 10.a4 Qc7 11.f4 Re8 12.Bf3 Bf8 13.Qe2 Nxd4 14.Bxd4 e5 15.Be3 d5
16.Nxd5 Nxd5 17.exd5 e4 18.Bg4 Bxg4 19.Qxg4 Qxc2 20.Rad1 Rad8 21.f5 Qb3 22.Bd4 Rxd5
23.Bxg7 h5 24.Qxh5 Bxg7 25.Qg4 Rxd1 26.Rxd1 Qxb2 27.h4 e3  0-1

[Event "ch-RSA"]
[Site "Milnerton RSA"]
[Date "2007.12.21"]
[Round "10"]
[White "Ophoff,J"]
[Black "Kobese,W"]
[Result "0-1"]
[WhiteElo "2260"]
[BlackElo "2389"]

1.e4 c5 2.Nf3 Nc6 3.Nc3 e6 4.d4 cxd4 5.Nxd4 d6 6.g3 a6 7.Bg2 Qc7 8.O-O Nf6
9.Re1 Be7 10.h3 O-O 11.g4 Re8 12.Nde2 b5 13.Ng3 b4 14.Na4 Bb7 15.Be3 Nd7
16.Rc1 Nc5 17.c3 a5 18.cxb4 axb4 19.Nxc5 dxc5 20.Bxc5 Bxc5 21.Rxc5 Qb6 22.Qc1 Rxa2
23.Nh5 h6 24.g5 Ra1 25.Qxa1 Qxc5 26.e5 hxg5 27.Qc1 Qxc1 28.Rxc1 Nd4 29.Rc4 Nf3+
30.Bxf3 Bxf3 31.Ng3 Rb8 32.Ne4 Bxe4 33.Rxe4 Kh7 34.Rg4 Kh6 35.f4 gxf4 36.Rxf4 Rb7
37.Kf2 Kg5 38.Ke3 f5 39.exf6 gxf6 40.h4+ Kg6 41.Rg4+ Kf5 42.Rf4+ Ke5 43.h5 f5
44.h6 b3 45.Rh4 Rh7 46.Kd3 Kf6 47.Rh3 Kg5 48.Rg3+ Kf6 49.Rh3 e5 50.Kc4 Kg5
51.Kxb3 Rxh6 52.Rxh6 Kxh6 53.Kc4 Kg7 54.b4 Kf7 55.Kd5 e4 56.b5 Ke7 57.Kc6 Kd8  0-1

[Event "Open A"]
[Site "Zadar CRO"]
[Date "2007.12.21"]
[Round "8"]
[White "Majeric,Z"]
[Black "Armanda,I"]
[Result "0-1"]
[WhiteElo "2345"]
[BlackElo "2340"]

1.e4 c5 2.Nf3 e6 3.d4 cxd4 4.Nxd4 Nc6 5.Nc3 Qc7 6.g3 a6 7.Bg2 Nf6 8.O-O Be7
9.Be3 O-O 10.Nxc6 bxc6 11.Na4 Rb8 12.c4 c5 13.e5 Ne8 14.b3 f6 15.exf6 Nxf6
16.Qd2 Bb7 17.Bxb7 Qxb7 18.Qe2 Qc6 19.Rac1 Rf7 20.f4 h5 21.Qg2 Qc7 22.h3 Kh8
23.Nc3 Rg8 24.Ne4 Nxe4 25.Qxe4 g5 26.Qe5+ Qxe5 27.fxe5 Rf5 28.Rxf5 exf5 29.Rd1 f4
30.Bf2 fxg3 31.Bxg3 Rd8 32.Kg2 Kg7 33.Kf3 Kf7 34.Ke4 Ke6 35.Bf2 Rf8 36.Be3 Rf5
37.Rd5 Rf1 38.Bxc5 Bxc5 39.Rxc5 Rf4+ 40.Ke3 Rh4 41.Ra5 Rxh3+ 42.Ke4 Rh4+
43.Kf3 Rf4+ 44.Ke3 h4 45.Rxa6+ Kxe5 46.Rh6 Rg4 47.Kf2 Rg3 48.Rh7 d6 49.Re7+ Kf4
50.Rf7+ Kg4 51.b4 h3 52.b5 h2  0-1

[Event "Harmonie Open A"]
[Site "Groningen NED"]
[Date "2007.12.22"]
[Round "2"]
[White "Kuling,L"]
[Black "Rotstein,A"]
[Result "0-1"]
[WhiteElo "2200"]
[BlackElo "2534"]

1.e4 c5 2.Nf3 e6 3.d4 cxd4 4.Nxd4 Nc6 5.Nc3 Qc7 6.Be3 a6 7.Qd2 Nf6 8.O-O-O Be7
9.f3 O-O 10.g4 b5 11.g5 Ne8 12.h4 Bb7 13.h5 Rc8 14.Nf5 Bb4 15.Nh6+ gxh6 16.gxh6 Kh8
17.Rg1 e5 18.Qg2 Ne7 19.Rd3 Rg8 20.Qh2 Rxg1 21.Qxg1 d5 22.Bg5 Ng8 23.exd5 f6
24.Bh3 fxg5 25.Bxc8 Bxc8 26.Qxg5 Be7 27.Qg3 Nxh6 28.Ne4 Nf5 29.Qh2 Bf8 30.d6 Nexd6
31.Qxe5+ Qg7 32.Nxd6 Nxd6 33.Qc5 Qf6 34.Rxd6 Qf4+ 35.Kb1 Qxd6 36.Qc3+ Kg8  0-1

[Event "XX Carlos Torre Magistral"]
[Site "Merida MEX"]
[Date "2007.12.22"]
[Round "9"]
[White "De la Paz Perdomo,F"]
[Black "Bachmann,Ax"]
[Result "1/2-1/2"]
[WhiteElo "2441"]
[BlackElo "2481"]

1.e4 c5 2.Nf3 e6 3.d4 cxd4 4.Nxd4 Nc6 5.Nc3 Qc7 6.Be3 a6 7.Bd3 Nf6 8.O-O h5
9.h3 b5 10.Nxc6 Qxc6 11.a3 Bb7 12.Re1 Bd6 13.Bd4 e5 14.Be3 Bc5 15.Qd2 Kf8
16.Qd1 Ke8  1/2-1/2

[Event "Abierto"]
[Site "Pamplona ESP"]
[Date "2007.12.23"]
[Round "3"]
[White "Recuero Guerra,D"]
[Black "Corral Sierra,J"]
[Result "1-0"]
[WhiteElo "2407"]
[BlackElo "2169"]

1.e4 c5 2.Nf3 Nc6 3.Nc3 e6 4.d4 cxd4 5.Nxd4 Qc7 6.Be3 a6 7.Qd2 Nf6 8.O-O-O Bb4
9.f3 Ne5 10.Nb3 b5 11.Qe1 Rb8 12.Qg3 O-O 13.Bd4 Bd6 14.Qf2 b4 15.Na4 Be7
16.g4 d6 17.Nb6 Bb7 18.Rg1 Nxf3 19.Qxf3 Bxe4 20.Qf2 e5 21.g5 exd4 22.gxf6 Bxf6
23.Nd5 Bxd5 24.Qxf6 g6 25.Qxd4 Bf3 26.Rd2 Rb6 27.Bd3 Re8 28.Rf2 Bh5 29.Rgf1 Re7
30.Nd2 Qc5 31.Qxc5 dxc5 32.Bc4 g5 33.Rf5 h6 34.Rxc5 Rd6 35.b3 Kg7 36.Bd3 Bg6
37.Bxg6 Rxg6 38.Rcf5 Rge6 39.Kb2 Re2 40.R1f2 Rxf2 41.Rxf2 Kg6 42.a3 bxa3+
43.Kxa3 f5 44.c4 f4 45.c5 Kf5 46.Kb4 Rc7 47.Kc4 g4 48.Kd5 f3 49.Nxf3 gxf3
50.Rxf3+ Kg4 51.Rf6  1-0

[Event "Harmonie Open A"]
[Site "Groningen NED"]
[Date "2007.12.24"]
[Round "4"]
[White "Kuipers,S"]
[Black "Balje,J"]
[Result "1/2-1/2"]
[WhiteElo "2283"]
[BlackElo "2222"]

1.e4 c5 2.Nf3 Nc6 3.d4 cxd4 4.Nxd4 e6 5.Nc3 Qc7 6.Be3 a6 7.Qd2 Nf6 8.O-O-O b5
9.Bf4 e5 10.Nxc6 exf4 11.e5 dxc6 12.exf6 Be6 13.Be2 Rd8 14.Qxd8+ Qxd8 15.Rxd8+ Kxd8
16.Bf3 Kc7 17.fxg7 Bxg7 18.Ne2 Rd8 19.g3 fxg3 20.hxg3 h6 21.a3 f5  1/2-1/2

[Event "16th Donau Open"]
[Site "Aschach Donau AUT"]
[Date "2007.12.26"]
[Round "1"]
[White "Glantz,R"]
[Black "Bernal Moro,L"]
[Result "1/2-1/2"]
[WhiteElo "2018"]
[BlackElo "2443"]

1.e4 c5 2.Nf3 e6 3.Nc3 Nc6 4.d4 cxd4 5.Nxd4 a6 6.Be3 Nf6 7.Bd3 Qc7 8.O-O Nxd4
9.Bxd4 Bc5 10.Bxc5 Qxc5 11.Kh1 d6 12.f4 e5 13.a4 Be6 14.Qf3 exf4 15.Qxf4 O-O
16.Qh4 Qe5 17.Nd5 Nd7 18.c3 h6 19.Rad1 Rae8 20.Bc2 Kh8 21.Ne3 Nf6 22.Nf5 Bxf5
23.Rxf5 Qe6 24.Rd4 Re7 25.Rf1 Rc8 26.h3 Rc6 27.Rfd1 Qe5 28.Qf2 Qc5 29.Qd2 Re6
30.Qd3 Qe5 31.Rf1 g6 32.Rd1 Kg7 33.Kg1  1/2-1/2

[Event "Harmonie Open A"]
[Site "Groningen NED"]
[Date "2007.12.26"]
[Round "5"]
[White "Ringoir,T"]
[Black "Van Oosterom,C"]
[Result "1/2-1/2"]
[WhiteElo "2236"]
[BlackElo "2401"]

1.e4 c5 2.Nf3 e6 3.d4 cxd4 4.Nxd4 Nc6 5.Nc3 Qc7 6.Be3 a6 7.Bd3 Nf6 8.O-O b5
9.Nxc6 Qxc6 10.f3 Bb7 11.Qe2 Bc5 12.Qf2 Bxe3 13.Qxe3 O-O 14.e5 Ng4 15.Qd4 f5
16.Ne4 Nxe5 17.Qxe5 fxe4 18.Bxe4 Qb6+ 19.Rf2 Bxe4 20.Qxe4 Rac8 21.c3 Rc4
22.Qd3 Rc5 23.Qe3 Qc6 24.Rd1 Rff5 25.Rfd2 Rfd5 26.Qe4 Rc4 27.Qe3 Rxd2 28.Rxd2 h6
29.a3 Kf7 30.Qe5 a5 31.Rd6 Qb7 32.Qe3 Ke7 33.Rd4 Qc7 34.Rxc4 Qxc4 35.Qe5 g5
36.Qg7+ Kd6 37.Qxh6 Qf4 38.h4 Qxh4 39.Qf8+ Kd5 40.Qa8+ Kc4 41.Qxa5 Qe1+ 42.Kh2 Qh4+
43.Kg1 Qe1+ 44.Kh2 Qe5+ 45.Kh1 Kd3 46.Qb6 Qe1+ 47.Kh2 Qh4+ 48.Kg1 Qe1+ 49.Kh2 Qh4+
50.Kg1 Qe1+  1/2-1/2